<?xml version="1.0" encoding="UTF-8"?>
<collection xmlns="http://www.loc.gov/MARC21/slim">
  <record>
    <leader>00000nam  2200000   4500</leader>
    <controlfield tag="001">INLIS000000000015943</controlfield>
    <controlfield tag="005">20231003093511</controlfield>
    <datafield tag="035" ind1="#" ind2="#">
      <subfield code="a">0010-1023000025</subfield>
    </datafield>
    <controlfield tag="007">ta</controlfield>
    <controlfield tag="008">231003################|##########|#|##</controlfield>
    <datafield tag="084" ind1="#" ind2="#">
      <subfield code="a">R 78 PIM I 2022</subfield>
    </datafield>
    <datafield tag="100" ind1=" " ind2="#">
      <subfield code="a">Budiyanto Sidiki</subfield>
    </datafield>
    <datafield tag="245" ind1="1" ind2="#">
      <subfield code="a">Membangun Tatakelola Satu Data Berbasis Desa/Kelurahan yang Berkelanjutan /</subfield>
      <subfield code="c">Budiyanto Sidiki</subfield>
    </datafield>
    <datafield tag="250" ind1="#" ind2="#">
      <subfield code="a">1</subfield>
    </datafield>
    <datafield tag="260" ind1="#" ind2="#">
      <subfield code="a">Jakarta :</subfield>
      <subfield code="b">Pusbangkom Pimnas dan Manajerial ASN,</subfield>
      <subfield code="c">2022</subfield>
    </datafield>
    <datafield tag="300" ind1="#" ind2="#">
      <subfield code="a">43 halaman :</subfield>
      <subfield code="b">ilus ;</subfield>
      <subfield code="c">30 cm</subfield>
    </datafield>
    <datafield tag="650" ind1="#" ind2="4">
      <subfield code="a">Sistem Informasi</subfield>
    </datafield>
    <datafield tag="520" ind1="#" ind2="#">
      <subfield code="a">Polemik yang sering kali terjadi dalam mendapatkan data yang berkualitas dalam lingkup pemerintahan adalah seringnya terdapat data yang berbeda meskipun datanya sejenis dan tipe datanya sama akan tetapi sumber datanya berbeda. Perbedaan data ini disebabkan oleh perbedaan sudut pandang dalam mendapatkan nilai data tersebut termasuk metode pengambilan data dan perhitungannya. Banyak masyarakat atau para pencari data yang memerlukan data tetapi akan mengalami kebingungan dalam menghadapi kondisi data yang dibutuhkan ternyata banyak versi nilai data sehingga sulit untuk memilih data yang tepat untuk dijadikan bahan atau data utama, sehingga penyediaan data yang akurat dan reliable memiliki tingkat urgensitas yang tinggi.</subfield>
    </datafield>
    <datafield tag="990" ind1="#" ind2="#">
      <subfield code="a">78</subfield>
    </datafield>
  </record>
</collection>
